| 000 | 004870000a22001930004500 | ||
|---|---|---|---|
| 003 | LK-CoMWRAF | ||
| 008 | 230817t ||||| |||| 00| 0 eng d | ||
| 020 | _a086232985X | ||
| 040 |
_aLK-CoMWRAF _dLK-CoMWRAF _eLK-CoMWRAF |
||
| 041 | _aeng | ||
| 082 |
_a300 _bWOM |
||
| 245 |
_aWomen and the enviornment _b |
||
| 260 |
_aLondon _bZed Books _c1991 |
||
| 300 | _ap.180 | ||
| 490 | _aWomen and woild development series | ||
| 500 |
_abBibliograohy _iIndex |
||
| 650 | _aWomen | ||
| 942 | _cBK | ||
| 999 |
_c1425 _d1425 |
||